Guess the BTS member - Statistics

General Stats
  • This quiz has been taken 741 times
  • The average score is 7 of 7
Answer Stats
Question Answer % Correct
the golden maknae jungkook
98%
The leader of the group and the father of the group rm
97%
real name Min Yoongi also known as Augustd suga
97%
our sunshine and he his the main dancer in the group jhope
94%
the mother of the group and the oldest member jin
94%
my bias... december 30 1995 is his bday v
86%
last member to join bts jimin
85%
No matching quizzes found
Score Distribution
Percent of People with Each Score
Percentile by Number Answered
Your Score History
You have not taken this quiz